[Event "Titled Tuesday intern op 4th Febr"]
[Site "Chess.com INT"]
[Date "2020.02.04"]
[Round "4"]
[White "Donchenko, Alexander"]
[Black "Kopenkin, Kirill"]
[Result "0-1"]
[WhiteElo "2650"]
[BlackElo "2550"]
[PlyCount "70"]
[EventDate "2020.02.04"]
[EventType "swiss (blitz)"]
[EventRounds "10"]
[EventCountry "USA"]
[SourceTitle "EXT 2021"]
[Source "ChessBase"]
[SourceDate "2020.10.23"]
[SourceVersion "1"]
[SourceVersionDate "2020.10.23"]
[SourceQuality "1"]

1. e4 c5 2. Nc3 d6 3. d4 cxd4 4. Qxd4 Nc6 5. Qd2 g6 6. b3 Bg7 7. Bb2 Nf6 8. 0-0-0 0-0 9. h4 h5 10. f3 Rb8 11. Nh3 Qa5 12. Kb1 b5 13. Ng5 b4 14. Nd5 Nxd5 15. Qxd5 Qxd5 16. exd5 Ne5 17. Re1 Re8 18. Ne4 Bf5 19. Rg1 a5 20. Nf2 Rec8 21. Rc1 Bh6 22. g4 Bxc1 23. gxf5 Bxb2 24. Kxb2 Nxf3 25. Rg3 Nxh4 26. fxg6 Nxg6 27. Ne4 Kg7 28. Bh3 Rh8 29. a3 Rb5 30. axb4 axb4 31. Rg5 f6 32. Rf5 Ne5 33. Ng3 Rxd5 34. Nxh5+ Rxh5 35. Rxh5 Nd3+ 0-1

[Event "Titled Tuesday intern op 4th Febr"]
[Site "Chess.com INT"]
[Date "2020.02.04"]
[Round "5"]
[White "Kopenkin, Kirill"]
[Black "Sadhwani, Raunak"]
[Result "0-1"]
[WhiteElo "2545"]
[BlackElo "2522"]
[PlyCount "92"]
[EventDate "2020.02.04"]
[EventType "swiss (blitz)"]
[EventRounds "10"]
[EventCountry "USA"]
[SourceTitle "EXT 2021"]
[Source "ChessBase"]
[SourceDate "2020.10.23"]
[SourceVersion "1"]
[SourceVersionDate "2020.10.23"]
[SourceQuality "1"]

1. e4 c5 2. Nf3 Nc6 3. d4 cxd4 4. Nxd4 Nf6 5. Nc3 d6 6. f3 e5 7. Nb3 Be6 8. Nd5 Bxd5 9. exd5 Nb8 10. Be3 Nbd7 11. Qd2 h5 12. a4 g6 13. a5 a6 14. Be2 Bg7 15. 0-0 0-0 16. c4 Rc8 17. Rac1 Qe7 18. Rc2 Rfd8 19. Nc1 Ne8 20. b4 f5 21. Nb3 f4 22. Bf2 Ndf6 23. Bd3 Kh7 24. Re1 Qf7 25. Qe2 Bf8 26. Nd2 Ng7 27. g4 fxg3 28. hxg3 Nf5 29. g4 Nd4 30. Bxd4 exd4 31. Ne4 Nxe4 32. Bxe4 hxg4 33. fxg4 Bh6 34. Qh2 Kg7 35. Rf2 Qe7 36. g5 Bxg5 37. Qg2 Rf8 38. Rfe2 Qf6 39. Bd3 Be3+ 40. Rxe3 dxe3 41. Rxe3 Rce8 42. Rg3 Re1+ 43. Kh2 Rh8+ 44. Rh3 Qf4+ 45. Qg3 Rxh3+ 46. Kxh3 Re3 0-1

[Event "Titled Tuesday intern op 6th Aug"]
[Site "Chess.com INT"]
[Date "2019.08.06"]
[Round "1"]
[White "Dragun, Kamil"]
[Black "Kopenkin, Kirill"]
[Result "1-0"]
[WhiteElo "2614"]
[BlackElo "2431"]
[PlyCount "66"]
[EventDate "2019.08.06"]
[EventType "swiss (blitz)"]
[EventRounds "10"]
[EventCountry "USA"]
[SourceTitle "EXT 2021"]
[Source "ChessBase"]
[SourceDate "2020.10.23"]
[SourceVersion "1"]
[SourceVersionDate "2020.10.23"]
[SourceQuality "1"]

1. e4 c5 2. Nf3 d6 3. Bb5+ Nd7 4. 0-0 a6 5. Bxd7+ Bxd7 6. d4 cxd4 7. Qxd4 e5 8. Qd3 Rc8 9. c4 Qc7 10. b3 b5 11. Nfd2 Nf6 12. Nc3 bxc4 13. Nxc4 Be6 14. Nd5 Bxd5 15. exd5 Be7 16. Be3 Qb7 17. Rfd1 0-0 18. Na5 Qa8 19. h3 Rc7 20. Bb6 Rcc8 21. Rac1 Nd7 22. Be3 Nf6 23. Rc6 Bd8 24. Rxa6 Qb8 25. Nc6 Qb7 26. b4 Nxd5 27. b5 Nxe3 28. fxe3 Bb6 29. a4 Ra8 30. Rxa8 Rxa8 31. Qxd6 Bxe3+ 32. Kh1 Qb6 33. a5 Qb7 1-0

[Event "Titled Tuesday intern op 6th Aug"]
[Site "Chess.com INT"]
[Date "2019.08.06"]
[Round "3"]
[White "Ollier, Pablo"]
[Black "Kopenkin, Kirill"]
[Result "1-0"]
[WhiteElo "2382"]
[BlackElo "2413"]
[PlyCount "119"]
[EventDate "2019.08.06"]
[EventType "swiss (blitz)"]
[EventRounds "10"]
[EventCountry "USA"]
[SourceTitle "EXT 2021"]
[Source "ChessBase"]
[SourceDate "2020.10.23"]
[SourceVersion "1"]
[SourceVersionDate "2020.10.23"]
[SourceQuality "1"]

1. d4 Nf6 2. c4 g6 3. Nc3 Bg7 4. e4 d6 5. Nf3 0-0 6. Be2 e5 7. dxe5 dxe5 8. Qxd8 Rxd8 9. Nd5 Nxd5 10. cxd5 c6 11. Bc4 b5 12. Bb3 Bb7 13. Bg5 Rd7 14. Rc1 a5 15. Ke2 a4 16. dxc6 Nxc6 17. Bd5 Nd4+ 18. Nxd4 Bxd5 19. exd5 exd4 20. Rc5 a3 21. b3 b4 22. Rhc1 Be5 23. Kd3 Kg7 24. R1c4 Bd6 25. Rb5 Re8 26. Rc2 Re1 27. Kxd4 Bxh2 28. g3 Bg1 29. Be3 Rd1+ 30. Ke4 Re7+ 31. Kf3 Re5 32. Kg2 Rh5 33. Rxb4 Rh2+ 34. Kf3 Rxd5 35. Rc1 Rf5+ 36. Rf4 Rxf4+ 37. gxf4 Rh3+ 38. Kg2 Rxe3 39. fxe3 Bxe3 40. Rc4 Kf6 41. Kf3 Bd2 42. b4 Ke6 43. b5 Kd5 44. Rc8 Ba5 45. Ra8 Bb4 46. b6 Kc6 47. Ra7 Kxb6 48. Rxf7 Kc5 49. Rxh7 Kc4 50. Rg7 Kc3 51. Rxg6 Kc2 52. Rb6 Bc3 53. f5 Bb2 54. f6 Bxf6 55. Rxf6 Kb2 56. Ke3 Kxa2 57. Kd3 Kb2 58. Rf2+ Kb1 59. Kc3 Ka1 60. Kb3 1-0